| 000 | 00426nam a2200157Ia 4500 | ||
|---|---|---|---|
| 008 | 210716s2003 xx 000 0 und d | ||
| 020 | _a0070528462 | ||
| 041 | _aeng | ||
| 082 | _a153.94 MUNM | ||
| 100 | _aMuneer, Muhamed;Venkataramani, G. | ||
| 245 | _aHow to prepare for the cat. | ||
| 250 | _a2 | ||
| 260 |
_aNew Delhi _bTata McGraw Hill Publishing Company Ltd _c2003 |
||
| 300 | _aix,507,30 | ||
| 650 | _aAptitude Test | ||
| 999 |
_c197714 _d197714 |
||